000 01053nac a22002771i 4500
003 EG-ScBUE
005 20241017100946.0
008 241017s2004 enka f b 001 0 eng d
020 _a9780521533911
020 _a0521533910 (pb.)
040 _aEG-ScBUE
_beng
_erda
_cEG-ScBUE
_dEG-ScBUE
082 0 4 _a515.352
_bROB
_222
100 1 _aRobinson, James C.,
_eauthor.
245 1 3 _aAn introduction to ordinary differential equations /
_cJames C. Robinson.
264 1 _aCambridge ;
_aNew York :
_bCambridge University Press,
_c2004.
300 _axiv, 399 pages :
_billustrations ;
_c26 cm
336 _2rdacontent
_atext
_btxt
337 _aunmediated
_2rdamedia
_bn
338 _avolume
_bnc
_2rdacarrier
504 _aIncludes bibliographical references and index.
650 7 _aDifferential equations.
_2BUEsh
655 _vReading book
856 4 2 _3Publisher description
_uhttp://www.loc.gov/catdir/description/cam032/2003055186.html
856 4 2 _3Table of contents
_uhttp://www.loc.gov/catdir/toc/cam031/2003055186.html
942 _cBB
_2ddc
999 _c2053
_d2053